LEADER 01042nam a2200301 i 4500 001 991001160959707536 005 20020507184350.0 008 971119s1995 uk ||| | eng 020 $a0122277406 035 $ab10809181-39ule_inst 035 $aLE01307996$9ExL 040 $aDip.to Matematica$beng 082 0 $a006.7 084 $aAMS 68U99 084 $aCR H.5.1 100 1 $aEarnshaw, R. A.$0536190 245 10$aMultimedia systems and applications /$cedited by R. A. Earnshaw and J. A. Vince 260 $aLondon :$bAcademic Press,$cc1995 300 $axvii, 264 p., 18 plates :$bill. ;$c25 cm + 1 cd. 500 $aIncludes index 650 4$aMultimedia systems 700 1 $aVince, J. A. 907 $a.b10809181$b21-09-06$c28-06-02 912 $a991001160959707536 945 $aLE013 68U EAR11 (1995)$g1$i2013000091730$lle013$o-$pE0.00$q-$rl$s- $t0$u1$v0$w1$x0$y.i10914390$z28-06-02 996 $aMultimedia systems and applications$9925015 997 $aUNISALENTO 998 $ale013$b01-01-97$cm$da $e-$feng$guk $h0$i1 LEADER 01792 am 2200433 n 450 001 9910719605903321 005 20230125 010 $a2-7535-9298-5 024 7 $a10.4000/books.pur.189470 035 $a(CKB)5670000000616678 035 $a(FrMaCLE)OB-pur-189470 035 $a(PPN)269006605 035 $a(EXLCZ)995670000000616678 100 $a20230216j|||||||| ||| 0 101 0 $afre 135 $auu||||||m|||| 200 10$aPierre Perrault $eLe père de l?Hydrologie /$fAlain Giret 210 $aRennes $cPresses universitaires de Rennes$d2023 215 $a1 online resource (192 p.) 311 $a2-7535-8775-2 330 $aDès 1674, Pierre Perrault publiait De l?origine des fontaines, un ouvrage en deux parties : une critique des concepts émis avant le xviie siècle, suivie d?observations et d?expériences conduisant aux bases de l?hydrologie continentale. Les deux premiers chapitres de notre ouvrage sont la transcription, annotée, du texte de Pierre Perrault en français moderne. Le troisième chapitre est entièrement consacré à la critique de ses expériences vis-à-vis des connaissances d?aujourd?hui, trois siècles plus tard. 606 $aHistory 606 $aHistory & Philosophy Of Science 606 $ahydrologie 606 $ahistoire des sciences 606 $ahistoire des techniques 615 4$aHistory 615 4$aHistory & Philosophy Of Science 615 4$ahydrologie 615 4$ahistoire des sciences 615 4$ahistoire des techniques 700 $aGiret$b Alain$01366241 701 $aGiret$b Alain$01366241 701 $aPerrault$b Pierre$0183245 801 0$bFR-FrMaCLE 906 $aBOOK 912 $a9910719605903321 996 $aPierre Perrault$93388720 997 $aUNINA